[Event "World Blitz 2023"]
[Site "Samarkand UZB"]
[Date "2023.12.30"]
[Round "15.29"]
[White "Galchenko, Matvey"]
[Black "Jumabayev, Rinat"]
[Result "1/2-1/2"]
[WhiteElo "2424"]
[BlackElo "2561"]
[EventDate "2023.12.29"]

1. e4 e6 2. d4 d5 3. e5 c5 4. c3 Nc6 5. Nf3 Bd7 6. Be2 cxd4 7. cxd4 Nge7 8.
Na3 Ng6 9. Nc2 Be7 10. a3 O-O 11. h4 f6 12. h5 Nh8 13. exf6 Bxf6 14. O-O
Be8 15. h6 g5 16. Nh2 Bg6 17. Bg4 Qd6 18. Re1 Rae8 19. Be3 Nf7 20. Bh5 Nxh6
21. Bxg6 hxg6 22. Ng4 Nxg4 23. Qxg4 e5 24. Bxg5 Bxg5 25. Qxg5 Rf5 26. Qg3
Qf6 27. dxe5 Rfxe5 28. Rxe5 Rxe5 29. Rd1 Kg7 30. Ne3 Qe6 31. Ng4 Rg5 32.
Qc7+ Qf7 33. Qg3 Qe6 34. f3 d4 35. Qf4 Rh5 36. b4 a6 37. a4 Qf5 38. Qc7+
Qf7 39. Qd6 Rd5 40. Qh2 Rh5 41. Qd6 Rd5 42. Qh2 Rh5 43. Qd6 Rd5 1/2-1/2

[Event "World Blitz 2023"]
[Site "Samarkand UZB"]
[Date "2023.12.30"]
[Round "15.30"]
[White "Gurel, Ediz"]
[Black "Kobalia, Mikhail"]
[Result "1-0"]
[WhiteElo "2359"]
[BlackElo "2558"]
[EventDate "2023.12.29"]

1. e4 c5 2. Nf3 e6 3. d4 cxd4 4. Nxd4 Nc6 5. Nc3 a6 6. Nxc6 bxc6 7. Bd3 d5
8. O-O Nf6 9. Qe2 Be7 10. b3 O-O 11. Bb2 Bb7 12. Rad1 Qc7 13. e5 Nd7 14.
Na4 Nb6 15. Nxb6 Qxb6 16. c4 a5 17. cxd5 cxd5 18. Bd4 Bc5 19. Bxc5 Qxc5 20.
Rc1 Qb6 21. Qh5 g6 22. Qg5 Ba6 23. Bxa6 Qxa6 24. h4 h5 25. Rc3 Rac8 26. Rf3
Qe2 27. Rf6 Kg7 28. Rf4 Rc3 29. g4 Rf3 30. Qf6+ 1-0

[Event "World Blitz 2023"]
[Site "Samarkand UZB"]
[Date "2023.12.30"]
[Round "15.31"]
[White "Abdurakhmonov, Mukhammadali"]
[Black "Ter-Sahakyan, Samvel"]
[Result "0-1"]
[WhiteElo "2214"]
[BlackElo "2556"]
[EventDate "2023.12.29"]

1. d4 Nf6 2. Bg5 d5 3. e3 c5 4. Bxf6 gxf6 5. dxc5 Nc6 6. Nf3 e6 7. Be2 Qa5+
8. Nbd2 Qxc5 9. a3 Bg7 10. c4 dxc4 11. Nxc4 O-O 12. O-O Rd8 13. Qc1 Qe7 14.
e4 Nd4 15. Nxd4 Rxd4 16. Qe3 Rd8 17. h4 Bd7 18. h5 h6 19. Rfd1 b6 20. Rd2
Ba4 21. b3 Bc6 22. Rad1 Rxd2 23. Rxd2 Rd8 24. Rxd8+ Qxd8 25. b4 Qd7 26. Qd3
Qxd3 27. Bxd3 Bf8 28. f4 Be7 29. Kf2 Kf8 30. Ke3 Ke8 31. g3 Kd7 32. Kd2 Kc7
33. Ne3 Bf8 34. Ng4 Bg7 35. Ke3 a5 36. b5 Bd7 37. e5 f5 38. Nf2 f6 39. exf6
Bxf6 40. g4 Kd6 41. Be2 Kd5 42. Nh3 fxg4 43. Bxg4 Bxb5 44. Bf3+ Kd6 45. Nf2
Ke7 46. Ng4 Bg7 47. Ne5 Kd6 48. Kd4 Be8 49. Be2 Kc7 50. Ke4 Bf8 51. Nc4 Bg7
52. Ne5 a4 53. Bg4 Bf8 54. Bxe6 Bxa3 55. Ng6 Bb2 56. Kd3 Kd6 57. f5 b5 58.
Kc2 Bf6 59. Kd3 b4 60. Kc4 b3 61. Kb4 b2 62. Ba2 Bc6 63. Bb1 Kd5 64. Nf4+
Ke5 65. Ne2 Kd6 66. Ka3 Kc5 67. Nf4 Kd4 68. Ne2+ Ke3 69. Ng3 Kf3 70. Nf1
Ke2 71. Ng3+ Ke3 72. Nf1+ Kf4 73. Nd2 Bd7 74. Bc2 Bxf5 75. Bxf5 Kxf5 76.
Kxa4 Kg4 77. Kb3 Kxh5 78. Kc2 Kg4 79. Kd3 Kg3 80. Kc2 Kg2 81. Kd1 h5 82.
Kc2 h4 83. Ne4 h3 84. Nxf6 h2 0-1

[Event "World Blitz 2023"]
[Site "Samarkand UZB"]
[Date "2023.12.30"]
[Round "15.32"]
[White "Grebnev, Aleksey"]
[Black "Khismatullin, Denis"]
[Result "1-0"]
[WhiteElo "2404"]
[BlackElo "2552"]
[EventDate "2023.12.29"]

1. d4 Nf6 2. c4 d6 3. Nf3 Nbd7 4. Nc3 e5 5. e4 Be7 6. Be2 O-O 7. O-O c6 8.
Re1 a6 9. a3 b5 10. b4 Bb7 11. Bb2 Re8 12. Rc1 Bf8 13. Bf1 exd4 14. Nxd4
Ne5 15. Qb3 Qb6 16. Rcd1 Rad8 17. cxb5 cxb5 18. Ba1 d5 19. exd5 Nxd5 20.
Nxd5 Bxd5 21. Qg3 Qg6 22. Rxe5 Qxg3 23. hxg3 Rxe5 24. Nc6 Bxc6 25. Rxd8 Re8
26. Rxe8 Bxe8 27. Bd3 Bc6 28. Bd4 f6 29. f3 Kf7 30. Kf2 Bd6 31. g4 h6 32.
Ke3 Bh2 33. Be4 Bxe4 34. Kxe4 Ke6 35. f4 g6 36. f5+ gxf5+ 37. gxf5+ Kf7 38.
Kd5 h5 39. Kc6 Be5 40. Bc5 Bb2 41. Kb6 Bxa3 42. Kxa6 Kg7 43. Kxb5 h4 44.
Be3 Kf7 45. Kc4 Ke7 46. b5 Kd6 47. Bf4+ Kd7 48. Kd5 Bb4 49. b6 1-0

[Event "World Blitz 2023"]
[Site "Samarkand UZB"]
[Date "2023.12.30"]
[Round "15.33"]
[White "Ivic, Velimir"]
[Black "Bilguun, Sumiya"]
[Result "1-0"]
[WhiteElo "2542"]
[BlackElo "2407"]
[EventDate "2023.12.29"]

1. e4 c5 2. Nf3 d6 3. Nc3 a6 4. h3 Nf6 5. g4 e6 6. g5 Nfd7 7. d4 cxd4 8.
Nxd4 b5 9. a3 Bb7 10. Be3 Nc6 11. h4 Be7 12. Qd2 Nde5 13. O-O-O Rc8 14. f4
Ng4 15. Nxc6 Bxc6 16. Bg1 h5 17. Rh3 Qa5 18. Bd3 O-O 19. Kb1 Qc7 20. Ne2
Qb7 21. Ng3 g6 22. Bd4 d5 23. Be2 dxe4 24. Bxg4 hxg4 25. Rh2 Rfd8 26. h5 e5
27. fxe5 Qd7 28. hxg6 fxg6 29. e6 Qxd4 30. Qxd4 Rxd4 31. Rxd4 Bxg5 32. Nxe4
Be3 33. Rd3 Bf4 34. Nf6+ Kg7 35. Rf2 g3 36. Rxf4 g2 37. Rg3 Rh8 38. Rfg4
Kxf6 39. Rxg6+ Ke7 40. Kc1 Rh1+ 41. Kd2 Rf1 42. Rxg2 Bxg2 43. Rxg2 Rf6 44.
Re2 Rf3 45. Re3 Rf2+ 46. Kc3 Rf4 47. Kd3 Rf2 48. Re2 Rf4 49. b3 Rh4 50. c4
bxc4+ 51. bxc4 Rh3+ 52. Re3 Rh1 53. Kd4 Rh5 54. Re5 Rh3 55. Re3 Rh5 56. c5
Rg5 57. Kc4 Rh5 58. Kd4 Rg5 59. Re5 Rg1 60. Kd5 Rg3 61. a4 Rg4 62. Re4 Rxe4
63. Kxe4 Kxe6 64. Kd4 Kd7 65. Kd5 Kc7 66. c6 Kd8 67. Kd6 Kc8 68. c7 Kb7 69.
a5 Ka7 70. Kd7 1-0

[Event "World Blitz 2023"]
[Site "Samarkand UZB"]
[Date "2023.12.30"]
[Round "15.34"]
[White "Bologan, Victor"]
[Black "Gokerkan, Cem Kaan"]
[Result "0-1"]
[WhiteElo "2489"]
[BlackElo "2365"]
[EventDate "2023.12.29"]

1. e4 c5 2. Nf3 d6 3. Bb5+ Nd7 4. O-O a6 5. Bd3 e6 6. c3 Ngf6 7. Bc2 Be7 8.
d4 b5 9. e5 dxe5 10. dxe5 Nd5 11. Qe2 Bb7 12. Re1 c4 13. Qe4 Nb4 14. Qe2
Nxc2 15. Qxc2 Bxf3 16. gxf3 Nc5 17. b3 Nd3 18. Re4 O-O 19. bxc4 bxc4 20.
Be3 Qd5 21. Nd2 Nxe5 22. Rd1 Rfd8 23. Bd4 Ng6 24. Qa4 Rac8 25. Qxa6 Bg5 26.
Bb6 Ra8 27. Qxc4 Qxc4 28. Rxc4 Rxd2 29. Rxd2 Bxd2 30. a4 Ne5 31. Rc7 Bf4
32. Rb7 g5 33. a5 Nc4 34. Kf1 Nxa5 35. Rd7 Nc4 36. Bd4 e5 37. Bc5 Kg7 38.
Rc7 Nd2+ 39. Ke2 Nb3 40. Bb4 Ra2+ 41. Kd3 Rxf2 42. Kc4 Nd2+ 43. Kd5 Rxf3
44. c4 Rd3+ 45. Kc5 e4 46. Kb5 Bxc7 0-1

[Event "World Blitz 2023"]
[Site "Samarkand UZB"]
[Date "2023.12.30"]
[Round "15.35"]
[White "Kuzubov, Yuriy"]
[Black "Seemann, Jakub"]
[Result "1-0"]
[WhiteElo "2487"]
[BlackElo "2332"]
[EventDate "2023.12.29"]

1. d4 Nf6 2. Nf3 e6 3. c4 a6 4. Nc3 d5 5. cxd5 exd5 6. Bg5 Be6 7. Bxf6 Qxf6
8. Qb3 Ra7 9. g3 Qd8 10. h4 h6 11. Bh3 Bxh3 12. Rxh3 c6 13. Kf1 Bd6 14. e4
dxe4 15. Nxe4 O-O 16. Kg2 Be7 17. Rd1 Nd7 18. Rhh1 Nf6 19. Rhe1 Nxe4 20.
Rxe4 Bf6 21. d5 cxd5 22. Rxd5 Qc7 23. g4 g6 24. h5 g5 25. Rf5 Bg7 26. Ng1
Raa8 27. Ne2 Qc6 28. Ng3 Rae8 29. Qf3 Rxe4 30. Nxe4 Bxb2 31. Rc5 Qe6 32.
Ng3 Rc8 33. Rxc8+ Qxc8 34. Nf5 Kh7 35. Qb3 Qc6+ 36. f3 Qf6 37. Qxb7 Be5 38.
Kh3 Bf4 39. Qd5 Kg8 40. Qa8+ Kh7 41. Qe4 Kg8 42. Qe8+ Kh7 43. a4 a5 44. Qe7
Qxe7 45. Nxe7 Bd6 46. Nf5 Bc5 47. Kg2 f6 48. Kf1 Bf8 49. Ke2 Kg8 50. Kd3
Kf7 51. Nd4 Ke7 52. Nc6+ Kd6 53. Nxa5 Ke5 54. Nc6+ Kf4 55. Nd4 Bc5 56. Ne6+
1-0

[Event "World Blitz 2023"]
[Site "Samarkand UZB"]
[Date "2023.12.30"]
[Round "15.36"]
[White "Vrolijk, Liam"]
[Black "Begmuratov, Khumoyun"]
[Result "1-0"]
[WhiteElo "2487"]
[BlackElo "2276"]
[EventDate "2023.12.29"]

1. d4 Nf6 2. Bg5 Ne4 3. Bf4 d5 4. e3 e6 5. Bd3 Nf6 6. Nf3 Bd6 7. Nbd2 c5 8.
c3 Nc6 9. Bg3 O-O 10. Qe2 cxd4 11. exd4 Qc7 12. O-O a6 13. Ne5 b5 14. Ndf3
Bb7 15. Rae1 Ne7 16. Ng5 Bc8 17. Ng4 Ng6 18. Nxf6+ gxf6 19. Nh3 Kg7 20. Qh5
Bd7 21. Bxd6 Qxd6 22. f4 f5 23. Ng5 h6 24. Nh3 b4 25. g4 fxg4 26. Qxg4 bxc3
27. bxc3 Rac8 28. Rf3 Rg8 29. Kh1 Qa3 30. f5 exf5 31. Bxf5 Bxf5 32. Qxf5
Rgf8 33. Qf6+ Kh7 34. Ng5+ Kg8 35. Ne6 fxe6 36. Qxg6+ Kh8 37. Qxh6+ 1-0

[Event "World Blitz 2023"]
[Site "Samarkand UZB"]
[Date "2023.12.30"]
[Round "15.37"]
[White "Zverev, Lev"]
[Black "Zeng, Chongsheng"]
[Result "0-1"]
[WhiteElo "2299"]
[BlackElo "2504"]
[EventDate "2023.12.29"]

1. e4 c6 2. d4 d5 3. e5 c5 4. dxc5 e6 5. Nf3 Bxc5 6. Bd3 Nc6 7. O-O Nge7 8.
a3 a5 9. b3 b6 10. Bb2 Ba6 11. Re1 h6 12. Bxa6 Rxa6 13. Nbd2 b5 14. Qe2 Qb6
15. c4 dxc4 16. bxc4 b4 17. Ne4 O-O 18. Nxc5 Qxc5 19. axb4 Nxb4 20. Nd2 Rc8
21. Rec1 0-1

[Event "World Blitz 2023"]
[Site "Samarkand UZB"]
[Date "2023.12.30"]
[Round "15.38"]
[White "Aditya, Mittal"]
[Black "Zvjaginsev, Vadim"]
[Result "0-1"]
[WhiteElo "2425"]
[BlackElo "2570"]
[EventDate "2023.12.29"]

1. d4 d6 2. Nf3 Nf6 3. c4 g6 4. Nc3 Bf5 5. Qb3 b6 6. g3 Bg7 7. Nh4 Bd7 8.
e4 e5 9. d5 a5 10. Bg2 Na6 11. O-O Nc5 12. Qc2 O-O 13. Be3 Kh8 14. b3 Ng8
15. Rae1 Bh6 16. Qd2 Bxe3 17. Qxe3 Kg7 18. f4 f6 19. f5 Nh6 20. h3 Qe7 21.
g4 Nf7 22. Ne2 b5 23. cxb5 Bxb5 24. fxg6 hxg6 25. Ng3 Bd7 26. Nf3 Rh8 27.
Rf2 Ng5 28. Nxg5 fxg5 29. Ref1 Rhf8 30. Rxf8 Rxf8 31. Rxf8 Kxf8 32. Bf1 Kg7
33. Be2 Qf6 34. Bf3 Qf4 35. Qxf4 exf4 36. Ne2 Kf6 37. h4 gxh4 38. Nxf4 g5
39. Nh3 Nd3 40. Kg2 Nc1 41. Nf2 Nxa2 42. Nd3 Nb4 43. e5+ dxe5 44. Nc5 Bc8
45. Ne4+ Kg6 46. Nc5 Na6 47. Nd3 Kf6 48. Kf2 Bd7 49. Kg2 Bb5 50. Nf2 Nc5
51. Bd1 e4 52. Bc2 e3 53. Nh3 Bd3 54. Bxd3 Nxd3 55. Kf3 Nf4 0-1

[Event "World Blitz 2023"]
[Site "Samarkand UZB"]
[Date "2023.12.30"]
[Round "15.39"]
[White "Paravyan, David"]
[Black "Gorovets, Andrey"]
[Result "1-0"]
[WhiteElo "2566"]
[BlackElo "2418"]
[EventDate "2023.12.29"]

1. e4 d6 2. d4 Nf6 3. Nc3 c6 4. a4 e5 5. Nf3 Nbd7 6. Bc4 Be7 7. O-O O-O 8.
Re1 a5 9. h3 Nb6 10. Bf1 Nfd7 11. Be3 Re8 12. Qd2 Bf8 13. Rad1 h6 14. b3
Kh7 15. d5 Nf6 16. dxc6 bxc6 17. Nh4 Bb7 18. Nf5 d5 19. exd5 cxd5 20. Bb5
Re6 21. f4 Bb4 22. Qd3 e4 23. Qd2 Rc8 24. Bd4 e3 25. Qd3 Ne4 26. Nxe4 dxe4
27. Qxe3 Nd5 28. Qf2 Bxe1 29. Rxe1 e3 30. Qf3 g6 31. Nxe3 Rc7 32. Qf2 Nxe3
33. Bxe3 Rce7 34. f5 gxf5 35. Bd3 Be4 36. Bxe4 fxe4 37. Qf5+ Rg6 38. Rf1
Qd7 39. Kh2 Qxf5 40. Rxf5 Rc6 41. c4 Rd6 42. Bc5 e3 43. Bxd6 e2 44. Bg3 1-0

[Event "World Blitz 2023"]
[Site "Samarkand UZB"]
[Date "2023.12.30"]
[Round "15.40"]
[White "Haldorsen, Benjamin"]
[Black "Ganguly, Surya Shekhar"]
[Result "1-0"]
[WhiteElo "2405"]
[BlackElo "2549"]
[EventDate "2023.12.29"]

1. e4 e5 2. Nf3 Nc6 3. d4 exd4 4. Nxd4 Nf6 5. Nxc6 bxc6 6. Nd2 Bc5 7. Nb3
Nxe4 8. Nxc5 Nxc5 9. Be3 Ne6 10. Bd3 d5 11. Qh5 Rb8 12. b3 Qf6 13. O-O d4
14. Bd2 h6 15. Qa5 a6 16. Be4 O-O 17. Bxc6 Qg6 18. Rfe1 Qxc2 19. Rac1 Qg6
20. Be4 Qf6 21. Bb4 Rd8 22. Qa3 c5 23. Bxc5 Nxc5 24. Qxc5 Be6 25. Bd3 Bd5
26. Qe7 Qxe7 27. Rxe7 Rbc8 28. Rec7 Be6 29. Rxc8 Rxc8 30. Rxc8+ Bxc8 31. b4
Kf8 32. Kf1 Ke7 33. Ke2 Kd6 34. Bc4 f6 35. f4 g5 36. g3 gxf4 37. gxf4 a5
38. bxa5 Kc5 39. Bd3 Kb4 40. a6 Kc3 41. a7 Bb7 42. a4 Kb4 43. Kd2 Ka5 44.
Bf5 Kb6 45. Kd3 Kxa7 46. Bd7 Kb6 47. Kxd4 Bg2 48. Bb5 Bf3 1-0

[Event "World Blitz 2023"]
[Site "Samarkand UZB"]
[Date "2023.12.30"]
[Round "15.41"]
[White "Demchenko, Anton"]
[Black "Abdisalimov, Abdimalik"]
[Result "1-0"]
[WhiteElo "2545"]
[BlackElo "2417"]
[EventDate "2023.12.29"]

1. e4 c5 2. Nc3 a6 3. g3 b5 4. Bg2 Bb7 5. Nge2 e6 6. O-O Nf6 7. d3 d6 8. h3
Nc6 9. Be3 Be7 10. f4 O-O 11. g4 d5 12. Bf2 b4 13. Na4 Qa5 14. b3 dxe4 15.
dxe4 Rfd8 16. Qe1 e5 17. f5 Nd4 18. Nxd4 cxd4 19. Nb2 Rac8 20. Nc4 Rxc4 21.
bxc4 Qc5 22. Qe2 Rc8 23. g5 Ne8 24. f6 Bd6 25. fxg7 Qxc4 26. Qf3 Nxg7 27.
h4 Ne6 28. Bh3 Rc7 29. Bg3 Qxc2 30. Bxe6 fxe6 31. Rae1 Qc3 32. Qg4 Bc8 33.
Rf3 d3 34. Ref1 d2 35. Rxc3 bxc3 36. Qh5 Re7 37. Qf3 Bd7 38. Qf8# 1-0

[Event "World Blitz 2023"]
[Site "Samarkand UZB"]
[Date "2023.12.30"]
[Round "15.42"]
[White "Omonov, Asrorjon"]
[Black "Amar, Elham"]
[Result "1-0"]
[WhiteElo "2069"]
[BlackElo "2470"]
[EventDate "2023.12.29"]

1. d4 f5 2. e4 fxe4 3. Nc3 Nf6 4. Bg5 d5 5. Bxf6 exf6 6. Qh5+ g6 7. Qxd5
Bb4 8. Qxe4+ Kf7 9. Bc4+ Kg7 10. Ne2 Bxc3+ 11. bxc3 Re8 12. Qf3 Nd7 13. O-O
Nb6 14. Bd3 Qd5 15. Qg3 Qd6 16. Nf4 Be6 17. Rfe1 Bc4 18. a3 Bxd3 19. cxd3
Qxa3 20. h4 Qd6 21. c4 Qxd4 22. c5 Nd5 23. Nxd5 Qxd5 24. Qxc7+ Qf7 25. Qf4
Red8 26. d4 Rd7 27. h5 gxh5 28. Ra3 Rad8 29. Qg3+ Kh8 30. Rxa7 Rxd4 31. c6
h4 32. Qf3 Qc4 33. Qxf6+ Kg8 34. Rxb7 Rg4 35. Qxd8# 1-0

[Event "World Blitz 2023"]
[Site "Samarkand UZB"]
[Date "2023.12.30"]
[Round "15.43"]
[White "Hong, Andrew"]
[Black "Pingin, Artem"]
[Result "1-0"]
[WhiteElo "2460"]
[BlackElo "2358"]
[EventDate "2023.12.29"]

1. e4 c5 2. Nc3 Nc6 3. f4 g6 4. Nf3 Bg7 5. Bb5 Nd4 6. Bc4 e6 7. d3 Ne7 8.
e5 d5 9. exd6 Qxd6 10. Ne4 Qc7 11. c3 Nxf3+ 12. Qxf3 O-O 13. Be3 Nd5 14.
Bxc5 Rd8 15. Be3 Nxe3 16. Qxe3 b5 17. Bb3 Bb7 18. O-O a5 19. a3 h6 20. Rad1
b4 21. axb4 axb4 22. Qc5 Bc6 23. Ra1 Qb7 24. Nd6 Qd7 25. Nc4 Rxa1 26. Rxa1
bxc3 27. Ne5 Bxe5 28. Qxe5 cxb2 29. Qxb2 Qd4+ 30. Qxd4 Rxd4 31. Rc1 Bb5 32.
Rc8+ Kg7 33. Rc7 Kf6 34. g3 Bxd3 35. Kf2 Bf5 36. Bc4 g5 37. Ke3 Re4+ 38.
Kf3 Rd4 39. Bb5 gxf4 40. gxf4 Rb4 41. Be8 Bg6 42. h4 Bh5+ 43. Ke3 Rb3+ 44.
Ke4 Bg6+ 45. Kd4 Rf3 46. f5 Rxf5 47. Ke3 Rh5 48. Rc4 Re5+ 49. Kf4 Rf5+ 50.
Ke3 h5 51. Ba4 Re5+ 52. Kf4 Re1 53. Kf3 Bf5 54. Bc6 Rf1+ 55. Ke3 Rg1 56.
Bf3 Bg6 57. Rc5 Re1+ 58. Kf4 e5+ 59. Kg3 Re3 60. Kf2 Ra3 61. Bd5 Ra4 62.
Kg3 Rg4+ 63. Kh3 Bf5 64. Rc6+ Kg7 65. Kh2 Rxh4+ 66. Kg3 Rg4+ 67. Kf3 Rf4+
68. Ke3 Rd4 69. Bf3 Bg6 70. Rc5 Kf6 71. Rc6+ Kg5 72. Rc5 f6 73. Rc8 Rd3+
74. Kf2 Kf4 75. Be2 Ra3 76. Rc6 Kg5 77. Rc8 h4 78. Rg8 Kf5 79. Bd1 Bf7 80.
Rg7 Ra2+ 81. Ke3 Ra3+ 82. Kf2 Ke6 83. Be2 h3 84. Bc4+ Kf5 85. Bxf7 Kf4 86.
Be6 f5 87. Rf7 Rf3+ 88. Kg1 Ke4 89. Bc8 Rc3 90. Bxf5+ Kd4 91. Rd7+ Ke3 92.
Bxh3 e4 93. Kg2 Rc2+ 94. Kg3 Rc3 95. Bf5 Ke2+ 96. Kf4 e3 97. Rh7 Kd2 98.
Rd7+ Ke2 99. Ra7 Kf2 100. Bg4 Rc4+ 101. Kg5 Rc5+ 102. Kh4 e2 103. Rf7+ Ke1
104. Re7 Rc2 105. Kg3 Kd1 106. Kf2 Kc1 107. Bxe2 Rc5 108. Ke3 Kc2 109. Re8
Kc3 110. Bd3 Rh5 111. Rc8+ Kb3 112. Kd4 Rh4+ 113. Be4 Kb4 114. Rb8+ Ka4
115. Kd5 Ka3 116. Bd3 Rb4 117. Ra8+ Kb2 118. Bc4 Rb7 119. Kd4 Rd7+ 120. Bd5
Kc2 121. Ra5 Kd2 122. Ra6 Rd8 123. Ra2+ Kd1 124. Ke4 Kc1 125. Rg2 Rd7 126.
Rg5 Kd2 127. Kd4 Rd8 128. Rg6 Rd7 129. Kc4 Ke3 130. Re6+ Kf4 131. Kd4 Ra7
132. Rf6+ Kg5 133. Rf1 Ra4+ 134. Ke5 Ra5 135. Rd1 Rb5 136. Rd4 Ra5 137. Ke4
Kf6 138. Kf4 Ra1 139. Bc4 Ra4 140. Ke4 Ra1 141. Rd6+ Ke7 142. Rc6 Re1+ 143.
Kf5 Kd7 144. Bb5 Kd8 145. Rc5 Ke7 146. Rd5 Kf8 147. Rd8+ Kf7 148. Rd7+ Kf8
149. Kf6 Re8 150. Rf7+ 1-0

[Event "World Blitz 2023"]
[Site "Samarkand UZB"]
[Date "2023.12.30"]
[Round "15.44"]
[White "Gaehwiler, Gabriel"]
[Black "Garayev, Kanan"]
[Result "0-1"]
[WhiteElo "2448"]
[BlackElo "2260"]
[EventDate "2023.12.29"]

1. d4 d5 2. c4 e6 3. Nf3 c5 4. cxd5 exd5 5. g3 Nc6 6. Bg2 Nf6 7. O-O cxd4
8. Nxd4 Bc5 9. Nb5 Bb6 10. N1c3 d4 0-1

[Event "World Blitz 2023"]
[Site "Samarkand UZB"]
[Date "2023.12.30"]
[Round "15.45"]
[White "Bakhrillaev, Bakhrom"]
[Black "Gharibyan, Mamikon"]
[Result "0-1"]
[WhiteElo "1994"]
[BlackElo "2444"]
[EventDate "2023.12.29"]

1. d4 Nf6 2. c4 e6 3. Nc3 d5 4. cxd5 exd5 5. Bg5 Bb4 6. Nf3 h6 7. Bh4 g5 8.
Bg3 Ne4 9. Nd2 Nxg3 10. hxg3 c6 11. Qc2 Be6 12. e3 Nd7 13. Bd3 Nb6 14. a3
Bf8 15. Na4 Nxa4 16. Qxa4 Qf6 17. Rc1 Bd6 18. f4 gxf4 19. gxf4 Rg8 20. Kf2
Qg7 21. g4 Bxg4 22. Rcg1 Qf8 23. Qb3 Rb8 24. Nf3 Bxf3 25. Kxf3 Rxg1 26.
Rxg1 Ke7 27. Qc2 Qh8 28. Qh2 Qf6 29. Qh5 Re8 30. Rh1 Rh8 31. Rh4 Kd8 32.
Rh3 Kc7 33. Rh4 a6 34. b4 Kb6 35. Rh3 Qe7 36. Kf2 a5 37. bxa5+ Kxa5 38. Qd1
Kb6 39. Qb1+ Kc7 40. a4 Qd7 41. Qh1 Qe6 42. Qf1 Re8 43. Qg2 Bxf4 44. Qf3
Bg5 45. Ke2 Re7 46. Bf5 Qd6 47. Qf2 Kb8 48. Kf1 Qb4 49. Bc2 Qc3 50. e4 Qa1+
51. Kg2 dxe4 52. Rb3 e3 53. Qg3+ Ka7 54. Qd6 e2 55. Qc5+ Kb8 56. Qd6+ Rc7
57. Qf8+ Rc8 58. Qd6+ Ka7 59. Qc5+ Kb8 60. Qd6+ Rc7 61. Qf8+ Ka7 62. Qc5+
Kb8 63. Qf8+ Rc8 64. Qd6+ Ka8 65. Qd7 Qf1+ 66. Kg3 e1=Q+ 0-1

[Event "World Blitz 2023"]
[Site "Samarkand UZB"]
[Date "2023.12.30"]
[Round "15.46"]
[White "Ponkratov, Pavel"]
[Black "Rakhmatullaev, Almas"]
[Result "1/2-1/2"]
[WhiteElo "2547"]
[BlackElo "2218"]
[EventDate "2023.12.29"]

1. c4 Nf6 2. Nc3 g6 3. e4 d6 4. d4 Bg7 5. f4 O-O 6. Nf3 e6 7. Bd3 Nc6 8.
O-O Nd7 9. Be3 f5 10. e5 Nb6 11. a3 d5 12. c5 Nd7 13. b4 Ne7 14. Kh1 h6 15.
Rg1 Rf7 16. g4 fxg4 17. Rxg4 Nf8 18. Ra2 Nf5 19. Bc1 Bd7 20. Rag2 Be8 21.
Rg1 b6 22. Ne2 a5 23. b5 c6 24. a4 Rb8 25. cxb6 Rxb6 26. Ba3 Ne3 27. Qd2
Nxg4 28. Rxg4 cxb5 29. axb5 Bxb5 30. Bxf8 Bxd3 31. Qxd3 Qxf8 32. Qxg6 Qa3
33. Rg3 Qe3 34. Qxf7+ Kxf7 35. Ng5+ hxg5 36. Rxe3 gxf4 37. Ra3 Rb5 38. Nxf4
Bf8 39. Rf3 a4 40. Nxd5+ Kg7 41. Rg3+ Kh6 42. Nc3 Ra5 43. Rf3 Bb4 44. Na2
Bd2 45. Rf6+ Kg5 46. Rxe6 Kf4 47. Kg2 Rb5 48. Ra6 Ba5 49. e6 Rb2+ 50. Kh3
Bd8 51. Rxa4 Kf5 52. d5 Bc7 53. d6 Bxd6 54. Ra5+ Kxe6 55. Kg4 1/2-1/2

[Event "World Blitz 2023"]
[Site "Samarkand UZB"]
[Date "2023.12.30"]
[Round "15.47"]
[White "Suyarov, Mukhammadzokhid"]
[Black "Holt, Conrad"]
[Result "1-0"]
[WhiteElo "2449"]
[BlackElo "2592"]
[EventDate "2023.12.29"]

1. d4 d5 2. Nc3 Nf6 3. Bf4 e6 4. Nb5 Na6 5. e3 c6 6. Nc3 Nc7 7. g4 Bb4 8.
Ne2 h5 9. g5 Ne4 10. a3 Nxg5 11. Bg2 Bd6 12. h4 Nh7 13. e4 b6 14. Qd2 Ba6
15. O-O-O Nf8 16. Bxd6 Qxd6 17. e5 Qe7 18. Nf4 O-O-O 19. Bf3 g6 20. Kb1 Nd7
21. Be2 Bxe2 22. Ncxe2 Kb7 23. Rc1 Rc8 24. Nh3 c5 25. c3 Nb5 26. Ng5 Rc7
27. Qd3 a6 28. Qf3 Rf8 29. a4 Na7 30. Nf4 Nc6 31. Rhd1 c4 32. Nxd5 exd5 33.
Qxd5 Kb8 34. f4 Na5 35. Rf1 Nb3 36. Rcd1 Ka7 37. f5 gxf5 38. Rxf5 Nb8 39.
Kc2 Qe8 40. a5 Nxa5 41. Ra1 Qc8 42. Qf3 Qe8 43. Ne4 Qc6 44. Rf6 Qd5 45. Qe3
Rc6 46. Rf5 Rg6 47. Qf3 Nbc6 48. Rf1 Kb8 49. Kb1 Nb3 50. Re1 Rg4 51. Rf4
Rxf4 52. Qxf4 Ka7 53. Nd6 Nd8 54. Qf6 Qe6 55. Qg7 Qg6+ 56. Qxg6 fxg6 57. d5
Rf2 58. e6 Nd2+ 1-0

[Event "World Blitz 2023"]
[Site "Samarkand UZB"]
[Date "2023.12.30"]
[Round "15.48"]
[White "Asadli, Vugar"]
[Black "Nasuta, Grzegorz"]
[Result "1-0"]
[WhiteElo "2584"]
[BlackElo "2467"]
[EventDate "2023.12.29"]

1. e4 e5 2. Nf3 Nc6 3. d4 exd4 4. Bc4 Nf6 5. e5 Ne4 6. Qe2 Nc5 7. c3 d3 8.
Qe3 Be7 9. O-O d5 10. exd6 cxd6 11. b4 Be6 12. Bxe6 Nxe6 13. Qxd3 O-O 14.
Rd1 Qc7 15. Na3 a6 16. Nc2 Ne5 17. Nxe5 dxe5 18. Ne3 Nf4 19. Qc4 Qxc4 20.
Nxc4 Ne2+ 21. Kf1 Nxc3 22. Rd7 Bxb4 23. Rxb7 Rab8 24. Rxb8 Rxb8 25. Bb2 Rc8
26. Nxe5 Na4 27. Bd4 f6 28. Nf3 Rc2 29. Rb1 a5 30. a3 Bxa3 31. Rb8+ Kf7 32.
Rb7+ Kg8 33. Rb8+ Kf7 34. Rb7+ Kg8 35. h4 Bc5 36. Rb8+ Kf7 37. Rb7+ Kg8 38.
Rc7 Rc1+ 39. Ke2 Nc3+ 40. Kd2 Rd1+ 41. Kxc3 Bxd4+ 42. Kc2 Bb6 43. Rc6 Rf1
44. Rxb6 Rxf2+ 45. Kd3 Rxg2 46. Ke3 Rg4 47. Rb8+ Kf7 48. Rb7+ Kg6 49. Ra7
a4 50. Ra5 h5 51. Ra7 Kh6 52. Ra6 Kh7 53. Ra8 g5 54. Ra7+ Kh6 55. Ra6 gxh4
56. Rxf6+ Kg7 57. Rf5 Kh6 58. Ne5 Rg5 59. Nf7+ Kg6 60. Rxg5+ Kxf7 61. Rxh5
a3 62. Rxh4 a2 63. Ra4 1-0

[Event "World Blitz 2023"]
[Site "Samarkand UZB"]
[Date "2023.12.30"]
[Round "15.49"]
[White "Suleymenov, Alisher"]
[Black "Brunello, Sabino"]
[Result "1-0"]
[WhiteElo "2326"]
[BlackElo "2573"]
[EventDate "2023.12.29"]

1. d4 Nf6 2. c4 e6 3. Nf3 d5 4. g3 Bb4+ 5. Bd2 Be7 6. Bg2 O-O 7. O-O Nbd7
8. Qc2 a5 9. Bf4 c6 10. Rd1 b5 11. c5 Nh5 12. Bc1 f5 13. Nc3 g5 14. Rb1 Bf6
15. b4 axb4 16. Rxb4 Kh8 17. a4 bxa4 18. Nxa4 g4 19. Ne1 e5 20. Nb6 Rb8 21.
Qxf5 Ng7 22. Qc2 exd4 23. Bf4 Rb7 24. Nd3 Nxb6 25. Rdb1 Nc4 26. Rxb7 Na3
27. Qa4 Nxb1 28. Rxb1 Qe8 29. Bd6 Rg8 30. Rb8 Qxe2 31. Qxc6 Be6 32. Rxg8+
Bxg8 33. Bxd5 Qxd3 34. Qc8 Ne6 35. Bxe6 Qb1+ 36. Kg2 Qe4+ 37. Kg1 Qxe6 38.
Qa8 d3 39. Bf4 Qd5 40. Qa5 Bd4 41. Qc7 Qxc5 42. Qxc5 Bxc5 43. Be5# 1-0

[Event "World Blitz 2023"]
[Site "Samarkand UZB"]
[Date "2023.12.30"]
[Round "15.50"]
[White "Saydaliev, Saidakbar"]
[Black "Gareyev, Timur"]
[Result "1-0"]
[WhiteElo "2323"]
[BlackElo "2569"]
[EventDate "2023.12.29"]

1. e4 c6 2. Nf3 d5 3. Nc3 a6 4. d4 Bg4 5. h3 Bh5 6. Be2 e6 7. O-O Nf6 8. e5
Nfd7 9. Be3 c5 10. dxc5 Nc6 11. Na4 Be7 12. c3 O-O 13. b4 Bxf3 14. Bxf3
Ndxe5 15. Be2 Qc7 16. Nb6 Rad8 17. a3 Bf6 18. Qc2 Ng6 19. Rad1 Nf4 20. Bf3
g6 21. Qc1 Bg5 22. Kh1 e5 23. g3 e4 24. gxf4 Bh4 25. Bg2 Ne7 26. c4 d4 27.
Rxd4 Rxd4 28. Bxd4 Nf5 29. Nd5 Qd8 30. Bb2 Re8 31. Qc3 1-0